Atatürk (Record no. 10034)

MARC details
000 -BAŞLIK
Sabit Uzunlukta Kontrol Alanı 01020na a2200301 4500
001 - KONTROL NUMARASI
Denetim Alanı 14522
003 - KONTROL NUMARASI IDENTIFIER
Denetim Alanı MIRAKIL
005 - SON İŞLEM TARİHİ VE ZAMANI
Denetim Alanı 20181213155305.0
008 - SABİT-BOY VERİ ELEMANLARI - GENEL BİLGİLER
Sabit Uzunlukta Kontrol Alanı 160923b tu 000 0
020 ## - ULUSLARARASI STANDART KİTAP NUMARASI
Uluslararası Standart Kitap Numarası 9751409888
035 ## - SİSTEM KONTROL NUMARASI
Sistem Kontrol Numarası 14522
040 ## - KATALOGLAMA KAYNAK
Orijinal Kataloglama Ajansı Milas
Kataloglama Dili tur
Metne Dönüştürmek Ajansı TR-AnCHP
082 ## - DEWEY ONLU SINIFLANDIRMA NUMARASI
Sınıflandırma Numarası ATA 923.156
Ürün Numarası M25a 1999
090 ## - SINIFLAMA NUMARASI
Sınıflama Numarası ATA 923.156 M25a 1999
100 ## - ANA GİRİŞ - KİŞİSEL İSİM
Kişisel Ad Mango, Andrew
245 ## - BAŞLIK TABLOSU
Başlık Atatürk
Başlığın Kalan modern Türkiye'nin kurucusu
Sorumluluk Tablosu, Vb Andrew Mango ; Türkçesi Füsun Doruker
246 ## - UNVAN FORM VARYING
Başlık Doğru / Kısa Başlığı Modern Türkiye
260 ## - YAYIN, DAĞITIM, VB
Yayın, Dağıtım, Vb Yeri İstanbul
Yayıncı, Dağıtıcı, Vs Adı Remzi
Yayın, Dağıtım, Vb Tarihi 1999
300 ## - FİZİKSEL TANIM
Kapsam 750 s.
Diğer Fiziksel Ayrıntıları res. ; hrt.
Boyutlar 21 sm.
500 ## - GENEL NOT
Genel Not Özgün yapıt adı: Atatürk :The biography of the founder modern Turkey.
504 ## - KAYNAKÇA VB NOT
Kaynakça Vb Notu Kaynakça ve dizin var.
600 ## - KONU KATMA GİRİŞ - KURUMSAL ADI
Kişisel Ad Atatürk, Mustafa Kemal
Bir Adıyla İlişkilendirilen Tarihler 1881- 1938
Genel Alt Bölümü Atatürk devrimleri
600 ## - KONU KATMA GİRİŞ - KURUMSAL ADI
Kişisel Ad Atatürk, Mustafa Kemal
Bir Adıyla İlişkilendirilen Tarihler 1881-1938
Genel Alt Bölümü Yaşamöyküsü
650 ## - KONU KATMA GİRİŞ - TOPİKAL DÖNEM
Topikal Süreli Veya Coğrafi Ad Giriş Elemanı Cumhurbaşkanları
Genel Alt Bölümü Tarih
Kronolojik Alt Bölümü 20. yüzyıl
Coğrafi Alt Bölümü Türkiye
650 ## - KONU KATMA GİRİŞ - TOPİKAL DÖNEM
Topikal Süreli Veya Coğrafi Ad Giriş Elemanı Türkiye Cumhuriyeti
Genel Alt Bölümü Tarih
700 ## - KATMA GİRİŞ - KİŞİSEL İSİM
Kişisel Ad Doruker, Füsun
942 ## - EKLENDİ GİRİŞ ELEMANLARI (KOHA)
Sınıflandırma Veya Raf Düzeni Kaynak
Koha Öğesi Türü Books
999 ## - SİSTEM KONTROL NUMARALARI (KOHA)
Koha Biblionumber 10034
Koha Biblioitemnumber 10034
Holdings
Kalıcı Konum Mevcut Konum Edinme Tarihi Edinim Kaynak Toplam Check-Out'Lar Tam Çağrı Numarası Barkod Tarih Son Görülme Tarihi Geçen Teslim İtibaren Geçerli Fiyatlar Koha Öğesi Türü
CHP Kütüphanesi CHP Kütüphanesi 08/29/2016 Bağış 1 ATA 923.156 M25a 1999 002196 04/22/2019 04/05/2019 08/29/2016 Books